000 00679nam a2200193Ii 4500
003 JO-AjNU
008 230605s9999||||xx |||||||||||||| ||und||
040 _aJO-AjNU
_bara
_erda
_cJO-AjNU
041 _aara
050 1 4 _aPN3448.S45.H3212 1900
100 3 _aترجمة الشناق، عبدالله طلال,
_eauthor
_949212
245 0 0 _aالحب والخبز وقصص أخرى: من التراث القصصي العالمي
264 3 1 _aد.م: دار الأمل، 1900
300 _a190ص
336 _atext
_btxt
_2rdacontent
337 _aunmediated
_bn
_2rdamedia
338 _avolume
_bnc
_2rdacarrier
650 4 _aالأدب العالمي - قصص قصيرة
_949213
999 _aA21601
_c25169
_d25169